Practica Societaria (Registro nro. 27785)

Detalles MARC
000 -LEADER
fixed length control field 00310 a2200109 4500
001 - CONTROL NUMBER
control field ART_19423
005 - DATE AND TIME OF LATEST TRANSACTION
control field 20260410161922.0
008 - FIXED-LENGTH DATA ELEMENTS--GENERAL INFORMATION
fixed length control field 260409a
100 1# - MAIN ENTRY--PERSONAL NAME
Personal name Mascheroni, Fernando H.
245 10 - TITLE STATEMENT
Title Practica Societaria
773 0# - HOST ITEM ENTRY
Title La información
Related parts - Tomo XLI, Nº 604 (abr. 1980)
Record control number REV14902

No hay ítems disponibles.